000 00455cam a22001337a 4500
008 180718b1959 xxu||||| |||| 00| 0 eng d
082 _aB6x5453 P644
100 _aPadmanabha Pillai, Kainikkara
245 _aRed interlude in Kerala
_cby Kainikkara Padmanabha Pillai
260 _aTrivandrum
_bKerla Pradesh Congress
_c1959
300 _aii, 203p
650 _aKerala, India (State) --Politics and government.
650 _aCommunism --India --Kerala (State)
999 _c422084
_d422084